Morir en Berlín.
Guardat en:
| Autor principal: | |
|---|---|
| Format: | Llibre |
| Idioma: | anglès |
| Publicat: |
Santiago, Chile:
Aguilar Chilena de Ediciones, Ltda.,
1998.
|
| Edició: | Primera edición. |
| Col·lecció: | Alfaguara Bolsillo.
|
| Matèries: | |
| Etiquetes: |
Afegir etiqueta
Sense etiquetes, Sigues el primer a etiquetar aquest registre!
|
MARC
| LEADER | 00000nam a22000007a 4500 | ||
|---|---|---|---|
| 003 | CL-VaPUC | ||
| 005 | 20241121125924.0 | ||
| 008 | 241118t1998 ||||| |||| 00| 0 eng d | ||
| 999 | |c 445761 |d 445759 | ||
| 020 | |a 956-239-044-6 | ||
| 040 | |c Pontificia Universidad Católica de Valparaíso | ||
| 082 | 7 | |a Ch863 CER 1998 |2 22 | |
| 100 | |9 313757 |a Cerda, Carlos |e autor | ||
| 245 | |a Morir en Berlín. | ||
| 250 | |a Primera edición. | ||
| 260 | |a Santiago, Chile: |b Aguilar Chilena de Ediciones, Ltda., |c 1998. | ||
| 300 | |a 276 páginas. | ||
| 490 | |a Alfaguara Bolsillo. | ||
| 500 | |a c.1. Donación Biblioteca de Educación Memo s/n/ 6-11-2024. | ||
| 583 | |c 20241118 |k Cristina María Rojas Aguilar | ||
| 650 | 0 | |a Novelas chilenas |9 265425 | |
| 942 | |2 ddc |c BK | ||
| 952 | |0 0 |1 0 |2 ddc |4 0 |6 CH_863_000000000000000_CER_1998 |7 0 |8 A |9 598083 |a BIBEDU |b BIBEDU |d 2024-11-18 |e Donación |i 5663293 |o Ch863 CER 1998 |p 5663293 |r 2024-11-18 |t 1 |w 2024-11-18 |y BK |k EDU | ||